Solitude of self; (Record no. 14528)

MARC details
000 -LEADER
fixed length control field 00743cam a22002171 4500
001 - CONTROL NUMBER
control field ca 11002412
003 - CONTROL NUMBER IDENTIFIER
control field DLC
005 - DATE AND TIME OF LATEST TRANSACTION
control field 20260227111056.0
008 - FIXED-LENGTH DATA ELEMENTS--GENERAL INFORMATION
fixed length control field 780825s1910 nyu 000 0 eng
010 ## - LIBRARY OF CONGRESS CONTROL NUMBER
LC control number ca 11002412
035 ## - SYSTEM CONTROL NUMBER
System control number (OCoLC)4167638
040 ## - CATALOGING SOURCE
Original cataloging agency DLC
Transcribing agency NPV
Modifying agency OCoLC
-- DLC
042 ## - AUTHENTICATION CODE
Authentication code premarc
050 00 - LIBRARY OF CONGRESS CALL NUMBER
Classification number HQ1426
Item number .S8
100 1# - MAIN ENTRY--PERSONAL NAME
Personal name Stanton, Elizabeth Cady,
Dates associated with a name 1815-1902.
245 10 - TITLE STATEMENT
Title Solitude of self;
Remainder of title an address delivered by Elizabeth Cady Stanton,
Statement of responsibility, etc. before the United States Congressional Committee on the Judiciary, Monday, January 18, 1892, ed. by Harriot [!] Stanton Blatch.
260 ## - PUBLICATION, DISTRIBUTION, ETC.
Place of publication, distribution, etc. [New York?
Date of publication, distribution, etc. 1910?]
300 ## - PHYSICAL DESCRIPTION
Extent 20 p.
Dimensions 18 cm.
650 #0 - SUBJECT ADDED ENTRY--TOPICAL TERM
Topical term or geographic name entry element Women's rights.
700 1# - ADDED ENTRY--PERSONAL NAME
Personal name Blatch, Harriot Stanton,
Dates associated with a name 1856-1940.

No items available.

Powered by Koha